[Event "Corus-B"]
[Site "Wijk aan Zee"]
[Date "2004.01.17"]
[Round "6"]
[White "Nijboer, Friso"]
[Black "Stellwagen, Daniel"]
[Result "1-0"]
[WhiteElo "2586"]
[BlackElo "2489"]
[Annotator "Ribli,Z"]
[PlyCount "65"]
[EventDate "2004.01.10"]
[EventType "tourn"]
[EventRounds "13"]
[EventCountry "NED"]
[EventCategory "13"]
[SourceTitle "CBM 099"]
[Source "ChessBase"]
[SourceDate "2004.03.30"]
[SourceVersion "1"]
[SourceVersionDate "2004.03.30"]
[SourceQuality "1"]

1. e4 c5 2. Nf3 e6 3. Nc3 Nc6 4. d4 cxd4 5. Nxd4 Qc7 6. Be2 a6 7. O-O Nf6 8. a4
{Diese Variante ist ein seltener Gast in der Turnierpraxis. Weiß verhindert
die Möglichkeit b7-b5. Nach meiner persönlichen Meinung besteht der
Hauptvorteil der Variante 8.a4 für Weiß darin, dass er die theoretischen
Varianten vermeidet.} Nxd4 {Statt dieser Fortsetzung kann Schwarz entweder mit
8...d6 oder mit 8...Be7 die Scheveninger Variante wählen oder 8...Bb4 ziehen.}
(8... h5 $5 9. h3 Nxd4 10. Qxd4 Bc5 11. Qd3 b6 12. Be3 Bb7 13. Rad1 Bb4 14. Qd4
Bxc3 15. bxc3 Bxe4 16. Rb1 O-O {.. 1/2-1/2 Nevednichy,V-Damljanovic,B/Budva
2002/EXT 2003 (37)}) 9. Qxd4 Bc5 (9... Bd6 10. Kh1 O-O 11. Qd3 b6 12. f4 e5 13.
f5 Bb7 14. Qg3 Rfd8 15. Bg5 Be7 16. Rad1 Rac8 17. Rd3 b5 {1/2-1/2 Zapata,
A-Macieja,B/Willemstad 2001/EXT 2002 (50)}) 10. Qd3 h5 {Schwarz spielt ähnlich
wie in der Variante 8.Kh1 Nxd4 9.Qxd4 Bc5 10.Qd3 h5. Aber der Textzug gefällt
mir nicht, ich glaube, entweder mit 10...0-0 oder mit 10...b6 hatte Schwarz
bessere Ausgleichschancen.} (10... O-O 11. Kh1 b6 12. f4 Bb7 13. Bf3 Bb4 14. e5
Bxc3 15. Bxb7 Qxb7 16. Qxc3 Ne4 {1/2-1/2 Gavrilakis,N-Filipowicz,A/Athens 1988/
EXT 2001 (23)}) (10... b6 $5) 11. a5 $14 {[%csl Ga5][%mdl 4] Weiß gewinnt Raum
am Damenflügel, was eine Idee des Zuges 8.a4 war.} d6 (11... Bb4 $6 12. Bd2 {
Jetzt Schwarz muss mit 13.Nb5 rechnen.} Bxa5 13. b4 (13. Rxa5 Qxa5 14. Qd6 Qd8
15. e5 Ng8 16. Ne4 $44) 13... Bb6 (13... Bxb4 14. Nb5 axb5 15. Rxa8 Bxd2 16.
Qxd2 Nxe4 17. Qb4 $16) 14. Nb5 $18) (11... h4 12. h3 $14) 12. Qg3 {[%cal Gg3c7,
Gg3g7]} (12. Bg5 $14) 12... Ke7 $6 (12... Kf8 13. Qh4 $36) (12... Bd4 13. Bd2
$14 (13. Qxg7 Rg8 14. Qh6 Bxc3 15. bxc3 Nxe4 $132)) 13. Bf4 $5 (13. Qxg7 Rg8 (
13... Rh7 14. Qg5 $16) 14. Qh6 Rg6 15. Qf4 Bd7 16. Be3 Rag8 17. Bf3 $16 {
Schwarz hat einiges Gegenspiel am Königsflügel, aber ich sehe keine konkreten
Drohungen.}) 13... Bd7 (13... e5 $2 14. Qxg7 (14. Bg5 Be6 15. Rfd1 $16) 14...
Rg8 15. Qxf6+ Kxf6 16. Nd5+ $18) 14. e5 $1 {Weiß hat gutes Figurenspiel und so
öffnet er die Stellung.} (14. Qxg7 Rag8 $19) 14... dxe5 15. Bxe5 $16 {[%csl
Rc7,Re7] Weiß hat fühlbaren Vorteil - der gegnerische König steht unsicher in
der Mitte und die schwarze Dame steht auch schlecht.} Bd6 16. f4 {Weiß
verteidigt den Stolz seiner Stellung, den e5-Läufer, und im Falle von Bxe5
erhält er die f-Linie (fxe5).} (16. Bxd6+ Qxd6 17. Qh4 Kf8 18. Rfd1 $16) 16...
Qc5+ (16... Bxe5 17. fxe5 Ne8 18. Rad1 $18) 17. Rf2 (17. Kh1 $16) 17... Bc6 18.
b4 $1 {Mit diesem Bauernopfer verjagt Weiß die schwarze Dame von c5, wonach er
schon auf g7 nehmen kann.} (18. Qxg7 $2 Bxe5 19. fxe5 Qxe5 $17) 18... Qxb4 19.
Qxg7 {[%csl Re7][%mdl 128] Nach diesem Zug hängt alles in der schwarzen
Stellung.} Nh7 (19... Bxe5 20. fxe5 Qxc3 21. exf6+ Kd6 22. Rd1+ Kc7 23. Qxf7+
$18) 20. Bxh5 Bxe5 (20... Raf8 21. Bxd6+ Qxd6 22. Bxf7 $18) 21. Qxf7+ (21. fxe5
$18) 21... Kd8 22. Rd1+ Bd6 (22... Bd4 23. Qg7 (23. Ne2 Qe7 24. Nxd4 Qxf7 25.
Bxf7 Ke7 26. Bxe6 $18) 23... Kc8 24. Rxd4 Qf8 25. Qe5 $18) 23. Qg7 (23. Rfd2
Qxc3 (23... Qc5+ 24. Kh1 Qxc3 25. Rxd6+ Kc8 26. Qxe6+ Kb8 27. Rxc6 $18) 24.
Rxd6+ Kc8 25. Qxe6+ Kb8 26. Rxc6 $1 Qxc6 27. Qe5+ Ka7 28. Qd4+ b6 29. Qg7+ $18)
23... Rf8 24. Rfd2 $18 {[%csl Rd6,Rd8][%cal Rd1d8] Nach diesem Zug gewinnt
Weiß die Figur mit deutlichem Angriff zurück.} Kc8 25. Rxd6 Qc5+ 26. Kh1 (26.
Qd4 Qxd4+ 27. R1xd4 Nf6 28. Be2 $18) 26... Kb8 27. Rxc6 $1 {Mit diesem schönen
Qualitätsopfer gewinnt Weiß sofort.} (27. Qxh7 Qxc3 28. Qe7 Rg8 29. R6d2 Qxa5
30. Qxe6 $18) 27... Qxc6 (27... bxc6 28. Rb1+ $18) 28. Bf3 {[%csl Rb8,Rc6]
[%cal Rf3a8]} Qc8 (28... Qc7 29. Rd7 $18) 29. Qxh7 (29. Rd7 $1 Ra7 30. Qe5+ Ka8
31. Na4 $18) 29... Ra7 30. Qd3 Qc7 31. Na4 Qxf4 32. Nb6 Rh8 33. g3 (33. g3 Qxg3
34. Qd8+ Rxd8 35. Rxd8+ Kc7 36. Rd7+ Kb8 37. hxg3 $18) 1-0

[Event "Gausdal GM-A"]
[Site "Gausdal"]
[Date "2005.04.13"]
[Round "1"]
[White "Lie, Kjetil A"]
[Black "Korneev, Oleg"]
[Result "0-1"]
[WhiteElo "2495"]
[BlackElo "2611"]
[Annotator "Ribli,Z"]
[PlyCount "82"]
[EventDate "2005.04.13"]
[EventType "tourn"]
[EventRounds "9"]
[EventCountry "NOR"]
[EventCategory "10"]
[SourceTitle "CBM 107"]
[Source "ChessBase"]
[SourceDate "2005.08.01"]
[SourceVersion "1"]
[SourceVersionDate "2005.08.01"]
[SourceQuality "1"]

1. e4 c5 2. Nf3 e6 3. d4 cxd4 4. Nxd4 a6 5. Nc3 Qc7 6. g3 Nc6 7. Bg2 Nf6 8. O-O
Bc5 {Eine ambitionierte Fortsetzung; die Alternativen sind 8...Nxd4 9.Qxd4 Bc5,
8...Be7 und 8...d6.} 9. Nb3 {Mit Tempo gespielt, aber 9.Nxc6 dxc6 10.Na4, oder
9.Bf4 sind auch möglich.} Ba7 10. Kh1 (10. Bg5) 10... d6 11. a4 {Mit diesem
Zug vereitelt Weiß die Möglichkeit 11...b5. Jedoch wäre nach 10.Kh1 die
Alternative 11.f4 sinnvoller.} (11. f4 h5 12. h3 Ng4 13. Qe2 b5 14. Bf3 Bb7 15.
Kg2 Nf6 16. Be3 b4 17. Nd1 a5 {0-1 Bronnikova,E-Vasilevich,I/Samara 2005/ (46)}
) 11... h5 {[%cal Gh5h4]} (11... Ne5 12. h3 Bd7 13. f4 Nc4 14. Qd3 Rc8 15. Nd4
h5 16. Nde2 Ng4 17. Nd1 Qc5 {1/2-1/2 Movsesian,S-Neverov,V/Cappelle la Grande
2002/(57)}) (11... h6 12. Qe2 Bd7 13. f4 Rc8 14. Be3 Bxe3 15. Qxe3 Nb4 16. Rac1
O-O 17. Rfd1 e5 18. f5 Rfd8 19. Qd2 Bc6 {1/2-1/2 Kosintseva,N-Lakos,N/Calvia
ol 2004/(19)}) 12. Nb5 $6 {Ein unerwarteter Zug, aber kann das gut sein? Viel
natürlicher scheint mir die Alternative 12.Bg5.} (12. Bg5 Ne5 13. Qe2 Bd7 14.
Rae1 Nc4 15. Nd2 Nxd2 16. Qxd2 Ng4 17. h3 Ne5 18. Qd1 f6 19. Bc1 O-O-O {
1/2-1/2 Makropoulou,M-Bojkovic,N/Moscow ol 1994 (45)}) 12... axb5 13. axb5 Ne5
$1 {[%mdl 4]} (13... Rb8 14. bxc6 Bb6 (14... bxc6 15. Rxa7 $1 Qxa7 16. Qxd6 $36
) 15. Nd4 bxc6 16. e5 dxe5 17. Nxc6 Rb7 18. b4 O-O 19. b5 Ng4 20. Qe2 $16 {
0-1 Calzetta,M-De la Riva,O/Andorra 1997/EXP 58 (31)}) 14. b6 {Mit diesem Zug
gewinnt Weiß die Figur zurück.} (14. Rxa7 $4 Rxa7 15. b6 Qxb6 16. Be3 Qa6 $19)
14... Qxb6 15. Be3 {[%cal Re3a7]} Qc7 16. Bxa7 (16. Rxa7 Rxa7 17. Bxa7 b6 18.
Qa1 Nc6 (18... h4 $36) 19. e5 dxe5 20. Qa4 Bd7 21. Ra1 O-O $19 {[%csl Ra7]})
16... h4 $36 {[%csl Rh1][%cal Gh8h1] Nach Komplikationen besitzt Schwarz eine
feste Stellung und starke Initiative am Königsflügel; es droht jetzt 17...h3.}
17. Kg1 (17. Bb6 Rxa1 18. Bxc7 Rxd1 19. Rxd1 h3 20. Bf1 Nxe4 $19) (17. h3 hxg3
18. fxg3 Nc4 $36) 17... h3 (17... Nc4) 18. Bh1 Nc4 {[%csl Gc4]} 19. Nd4 $6 (19.
Bd4 $142 $5 {Auf diese Weise kann Weiß seinen Läufer von a7 befreien.} Rxa1 20.
Qxa1 e5 21. Bc3 O-O $15) 19... Bd7 20. Qe2 (20. b3 Na5 $17) 20... O-O 21. Nf3
b6 $17 {[%csl Ra7][%cal Gd7b5,Gb5f1] Der Ba7 ist in großer Not.} 22. e5 {
Weiß öffnet die Diagonale des h1-Läufers.} (22. Ra6 Bb5 23. Bxb6 Qd7 $1 (23...
Nxb6 24. Qxb5 Rxa6 25. Qxa6 Nxe4) 24. Rxa8 Rxa8 $17 {[%cal Rc4b6,Rb5f1]}) 22...
dxe5 (22... Nd5 23. b3 Nxe5 24. Nxe5 dxe5 25. c4 Rxa7 26. Rxa7 Qxa7 27. cxd5
Qc7 $17) (22... Nxe5 23. Nxe5 Rxa7 $17) 23. Ng5 {[%cal Gh1a8,Gg5h3]} Rac8 (
23... Rxa7 24. Rxa7 Qxa7 25. Qxc4 Rc8 $17) 24. Nxh3 Nxb2 25. Ng5 (25. Qa6 Nd5
$19 (25... Nc4 $19)) 25... Na4 26. Qa6 Qc4 $1 (26... Qxc2 27. Bxb6 Nxb6 28.
Qxb6 Qf5 $17) (26... b5 $17) 27. Qxc4 Rxc4 28. Rfd1 Rc7 {Mit diesem Zug gibt
Schwarz Material für deutliche Initiative.} (28... Rfc8 $17) 29. Rxd7 Rxd7 30.
Rxa4 Rd1+ 31. Kg2 Ra8 {[%cal Ga8a4]} 32. Rc4 Nd5 $19 {[%csl Ra7,Rg2,Rg5,Rh1]
[%mdl 2048] Eine interessante Stellung: Weiß hat zwei Leichtfiguren gegen Turm
und Bauern, aber befindet sich eigentlich in Zugzwang.} 33. Rc6 f6 {[%csl Ra7,
Rg5] Nach diesem Zug gewinnt Schwarz eine Figur und erhält Materialvorteil.} (
33... Rxa7 $4 34. Rc8#) 34. Nxe6 Rxa7 35. Rc8+ Kf7 36. Nd8+ Kg6 37. Nc6 Raa1 (
37... Rc7 $19) 38. Rd8 Nc3 39. Ne7+ Kf7 40. Rxd1 Nxd1 41. Nd5 Nxf2 0-1

[Event "Biel Credis"]
[Site "Biel"]
[Date "1997.07.28"]
[Round "7"]
[White "Gallagher, Joseph G"]
[Black "Kobalia, Mihail"]
[Result "1/2-1/2"]
[WhiteElo "2525"]
[BlackElo "2495"]
[Annotator "Ribli,Z"]
[PlyCount "59"]
[EventDate "1997.07.20"]
[EventType "tourn"]
[EventRounds "10"]
[EventCountry "SUI"]
[EventCategory "10"]
[SourceTitle "CBM 060"]
[Source "ChessBase"]
[SourceDate "1997.09.29"]
[SourceVersion "1"]
[SourceVersionDate "1997.09.29"]
[SourceQuality "1"]

1. e4 c5 2. Nf3 e6 3. d4 cxd4 4. Nxd4 Nc6 5. Nc3 Qc7 6. Be2 a6 7. O-O Nf6 8.
Kh1 Nxd4 {Ein anderer theoretischer Zug ist 8...d6,oder 8...Be7 mit Uebergang
zur Scheweninger Variante.Aber der Partizug hat selbstaendige Bedeutung.Ribli.}
9. Qxd4 Bc5 {Das ist eine Hauptidee in Paulsen-Variante,das Schwarz spielt
nicht d7-d6,so er hat die Moeglichkeit fuer z.B. dieser Laeuferzug.Ribli.} 10.
Qd3 h5 (10... O-O 11. Bg5 b5 12. f4 (12. Rad1 Bb7 13. Bxf6 gxf6 14. Qxd7 Rac8
15. Qd3 Rfd8 16. Qh3 b4 17. Qg4+ Kh8 18. Na4 Be7 19. b3 Qxc2 20. Nb6 Rc5 21.
Bc4 Rg5 22. Qe2 Qxe2 23. Bxe2 f5 {Damjanovic,M-Plachetka,J/Prague Bohemians
1988/0-1 (92)}) 12... Bb7 13. Bf3 d6 14. e5 dxe5 15. Bxf6 gxf6 16. Bxb7 Qxb7
17. Ne4 Be7 18. fxe5 f5 19. Nd6 Bxd6 20. exd6 Qe4 21. Qd2 {1/2-1/2 Velimirovic,
D-Plachetka,J/Belgrade GMA 1988 (41)}) (10... b5 $5 11. f4 Bb7 12. Bf3 h5 $5
$13) 11. Bg5 {Ganz in Mode.} (11. Qg3 $6 Qxg3 12. hxg3 Ng4 13. Kg1 b5 14. a4 b4
15. Nd1 Bb7 16. Bd3 h4 17. gxh4 Rxh4 18. Re1 f6 {Zivkovic,B-Mackic,Z/Nis op
1993/0-1 (70)}) (11. g3 $2 b5 12. Bf4 Qa7 13. e5 Ng4 14. Ne4 Bb7 15. Bf3 Rc8
16. Nxc5 Rxc5 17. Kg1 g5 {-+ Hjartarson,J-Marjanovic,S/Bela Crkva 1983}) (11.
f4 $5) 11... Ng4 (11... b5 12. f4 Bb7 13. e5 $5 (13. Bf3 Ng4 $2 14. e5 Bxf3 15.
Qxf3 O-O 16. Ne4 d5 17. exd6 Bxd6 18. h3 f6 19. hxg4 fxg5 20. Nxg5 Qxc2 21.
gxh5 $6 (21. Nxe6 hxg4 22. Qd5 Qh7+ 23. Kg1 Qf5 $8 24. Rad1 $1 $18) 21... Rae8
{1-0 Tseshkovsky,V-Tregubov,P/Sochi 1994 (39)}) 13... Nd5 (13... Ng4 14. Bf3 $1
Bxf3 (14... Nf2+ 15. Rxf2 Bxf2 16. Bxb7 Qxb7 17. Ne4 $18) 15. Qxf3 Rc8 16. Ne4
Ne3 17. Nd6+ Bxd6 18. Qxe3 Bc5 19. Qg3 d6 20. f5 exf5 21. Rxf5 dxe5 22. Rxe5+
Kf8 {1/2-1/2 Bielczyk,J-Helis,T/Katowice op 1995 (33)}) 14. Nxd5 Bxd5 15. a4 $2
(15. Bf3 $1 $14) 15... Qc6 16. Bf3 Bxf3 17. Rxf3 bxa4 18. f5 Rb8 19. Raf1 O-O
$2 (19... Rf8 $5) (19... Rxb2 $5 20. fxe6 Qxe6 21. Rxf7 Qxf7 22. Rxf7 Kxf7 23.
Qxd7+ Kg6 24. h4 a3 $14) 20. Bf6 $1 {1-0 Kasparov,G-Kengis,E/Riga Tal 1995 (23)
}) 12. f4 (12. Bxg4 $2 hxg4 13. g3 b5 {[%csl Rh1][%cal Gc8b7,Gb7h1,Gh8h1]} 14.
a3 Qe5 15. Qd2 f6 16. f4 Qd4 17. Qe2 fxg5 18. Qxg4 Bb7 19. fxg5 O-O-O 20. g6
Rdf8 21. h4 Rf2 22. Rad1 Rhf8 {0-1 Suri,H-Razuvaev,Y/Bern op 1995}) 12... f6 $5
(12... Nf2+ {Das ist eine typische,aber kaum gute Qualitaetsgewinn in dieser
Variante.Ribli.} 13. Rxf2 Bxf2 14. e5 {[%csl Rd6,Re8][%cal Gc3e4,Ge4d6]} Bc5
15. Ne4 $44 {[%csl Ge4] Schwarz hat Qualitaet mehr,aber sein Koenig steht in
der Mitte,und er hat grosse Entwicklungsproblemen Ribli.}) (12... b5 13. e5)
13. Bh4 b5 $13 14. e5 $40 {[%cal Rd3g6]} f5 {[#]} 15. Nd5 {Wenn der englische
GM Gallagher hat die erste Moeglichkeit,er opfert etwas.Ich bemerke,das er
spielt Koenigsgambit mit Weiss.Ribli.} (15. Bf3 Bb7 $11) (15. Rad1 $2 Ne3 {
[%cal Re3d1,Re3f1]}) 15... exd5 {Nach meiner Meinung die beste Entscheidung
ist die Annahme des Opfers.Ribli.} (15... Qa7 16. Bf3 $13 Bb7 $2 17. Nc7+) (
15... Qc6 16. Bf3 {[%cal Gf3a8]}) (15... Qb7 16. Bf3 {[%cal Gf3a8]}) 16. Qxf5
$44 {[%csl Re8] Weiss hat nur einen Bauern fuer die Figur,aber der schwarze
Koenig findet keine Ruhe,der d5-Bauer ist schwach,und Schwarz hat
Entwicklungsproblemen.Ribli.} Qc6 (16... Rh6 17. Bxg4 hxg4 18. Qxg4 $44) (16...
d6 {[%cal Rc8f5]} 17. e6 (17. Qg5) 17... Rh6 18. Rae1 $5 (18. Qxd5 Bb7 19. Qb3
Ne3 {[%csl Rg2]}) (18. Bxg4 hxg4 19. Rae1) 18... Bxe6 (18... Ne3 19. Bxh5+ $18
{[%csl Re8]}) 19. Bxg4 $18 {[%cal Re1e8]}) 17. e6 $1 {Weiss spielt sehr
geisvoll.Ribli.} dxe6 (17... Qxe6 18. Bxg4 Qxf5 (18... hxg4 19. Rae1 Rxh4 $13 (
19... Be3 20. Rxe3 Qxe3 21. Re1 $16)) 19. Bxf5 $16) 18. Qg6+ Kf8 $8 (18... Kd7
19. Qf7+ Kd6 20. Qe7#) 19. f5 $40 {[%cal Gf1f8] Alle weissen Figure nehmen in
Angriff teil,aber Schwarz hat Materialsvorteil.Ribli.} Rh6 (19... Ne5 20. fxe6+
Kg8) 20. fxe6+ (20. Qg5 e5) 20... Kg8 21. Rf8+ {Weiss opfert ein ganzer Turm
fuer den Angriff.Ribli.} (21. Qf7+ $6 Kh8 22. e7 Be6 (22... Bd7 23. Qf8+ Rxf8
24. Rxf8+ (24. exf8=Q+ Bxf8 25. Rxf8+ Kh7 $19) 24... Kh7 25. Bd3+ g6 $19) 23.
Qf8+ Bg8 $1 (23... Rxf8 24. Rxf8+ (24. exf8=Q+ Bxf8 25. Rxf8+ Kh7 $19) 24...
Kh7 25. Bd3+ g6 26. e8=Q Qxe8 27. Rxe8 $18)) 21... Bxf8 (21... Kxf8 $2 22. Qf7#
) 22. Qf7+ Kh8 (22... Kh7 $2 23. Bd3+ $18) 23. Qxf8+ Kh7 24. Bd3+ (24. e7 Bd7
25. Bd3+ Rg6 $1 (25... g6 26. Qf7+ (26. Rf1) 26... Kh8 27. Qf8+ $11) 26. Bxg6+
Kxg6 $17) 24... Rg6 25. Bxg6+ (25. e7 Bd7 26. Bxg6+ Kxg6 $17) 25... Kxg6 26.
Qf7+ Kh7 (26... Kh6 27. Qf4+ (27. Bg5+ Kxg5 28. Qxg7+ Kf5 29. Rf1+ $40) 27...
Kh7 28. Qf5+ $11) 27. Qf5+ (27. Qxh5+ Nh6 $17) 27... Kg8 28. Qf7+ $11 {Nach
spannende Partie Weiss muss Dauerschach geben,und Schwarz hat auch keine
Alternativen.Ribli.} Kh7 29. Qf5+ Kg8 30. Qf7+ {Und remis mit Dauerschach.
Ribli.} 1/2-1/2

[Event "RUS-ch U20"]
[Site "Nojabrsk"]
[Date "2005.03.07"]
[Round "6"]
[White "Nepomniachtchi, Ian"]
[Black "Popov, Ivan1"]
[Result "1-0"]
[WhiteElo "2483"]
[BlackElo "2476"]
[Annotator "Ribli,Z"]
[PlyCount "113"]
[EventDate "2005.03.02"]
[EventType "tourn"]
[EventRounds "11"]
[EventCountry "RUS"]
[EventCategory "11"]
[SourceTitle "CBM 106"]
[Source "ChessBase"]
[SourceDate "2005.06.06"]
[SourceVersion "1"]
[SourceVersionDate "2005.06.06"]
[SourceQuality "1"]

1. e4 c5 2. Nf3 e6 3. Nc3 a6 4. d4 cxd4 5. Nxd4 Qc7 6. g3 {Dieser Zug führt
gewöhnlich zu ruhigem Spiel.} Nc6 7. Bg2 Nf6 8. O-O Bc5 {Die moderne
Fortsetzung, aber ebenso kommen die Alternativen 8...Nxd4 9.Qxd4 Bc5, oder 8...
d6, 8...Be7 in Betracht.} 9. Bf4 (9. Nb3 Ba7 10. Nd5 exd5 11. exd5 O-O 12. Bf4
Qd8 13. dxc6 dxc6 14. Qxd8 Rxd8 15. Na5 Bb6 16. Nc4 Ba7 17. Bc7 Re8 18. Rfe1 {
1/2-1/2 Campora,D-Cramling,P/Huelva 2002/CBM 89 ext (47)}) (9. Nxc6) 9... e5 (
9... Ne5) 10. Nb3 exf4 11. Nxc5 fxg3 12. fxg3 $5 {Das ist die taktische
Fortsetzung; die Alternative 12.hxg3 wäre "positionell" richtig. Im weiteren
Verlauf muss Schwarz immer mit dem Qualitätsopfer auf f6 rechnen.} (12. hxg3 d6
13. Nd5 (13. Nb3) 13... Nxd5 14. exd5 Ne5 15. Nd3 (15. Ne4 Bf5 16. Re1 Bxe4 17.
Rxe4 O-O $11) 15... Bg4 16. Qe1 (16. f3 $6 Bf5 $15) 16... O-O $11 (16... O-O-O
$5) 17. Nxe5 dxe5 18. Qb4 f5 $2 (18... Qd7 $5 $11) 19. d6 $16 {1/2-1/2 Campora,
D-Solak,D/Mallorca 2004/CBM 104/[Ribli Zoltan] (39)}) 12... d6 (12... Ne5 13.
Qd4 d6 14. N5a4 Be6 15. Nb6 Rd8 16. Ncd5 Bxd5 17. exd5 h5 (17... O-O $5 18. c4
Nfd7) 18. c4 h4 19. b4 hxg3 20. hxg3 Nfg4 21. Rf4 $16 {1-0 Simacek,P-Novak,P/
Prague 1997/EXT 97 (41)}) 13. Nd3 (13. Rxf6 dxc5 (13... gxf6 $5 14. Nd5 Qd8)
14. Qd6 Qxd6 15. Rxd6 Be6 16. Na4 (16. e5) 16... Ke7 17. e5 Nxe5 18. Rb6 Nd7
19. Rxb7 c4 20. Rd1 {1-0 Berescu,A-Lakos,N/3rd Savaria Summer Open,
Szombathely 2003 (30)}) 13... Ne5 {Schwarz besetzt das Feld e5, aber es
ergeben sich gute taktische Chancen für Weiß. Sicherer scheint mir deshalb die
Alternative 13...Be6, wonach ein Qualitätsopfer auf f6 weniger stark ist.} (
13... Be6 $5 14. Kh1 Ne5 15. Nxe5 dxe5 16. Nd5 Bxd5 17. exd5 Rd8 18. Rxf6 gxf6
19. Qf3 Qxc2 20. Qxf6 O-O {0-1 Roa,S-Paunovic,D/La Coruna 1998/EXT 2000 (41)})
14. Rxf6 $5 {[%mdl 512] Mit diesem Qualitätsopfer verschlechtert Weiß die
schwarze Bauernstruktur.} gxf6 15. Nd5 Qd8 16. Qf1 O-O 17. Qf4 $1 $44 {[%csl
Gd5,Gf4,Rf6,Rg8][%cal Ga1f1,Gf1f6] Weiß nimmt nicht den f6-Bauern, sondern
verstärkt seine Stellung und den positionellen Druck am Königsflügel.} (17.
Nxf6+ Kg7 18. Nh5+ (18. Nd5 Be6 $15) 18... Kh8 19. Qf4 $13) 17... f5 {Schwarz
gibt einen Bauern zurück und will mit f7-f6 seine Stellung sichern.} (17... Kg7
18. Rf1 Ng6 19. Qd2 $36) 18. exf5 (18. Nxe5 dxe5 19. Qxe5 f6 20. Qd4 fxe4 21.
Qxe4 (21. Bxe4 Kg7) 21... Kg7 22. c4 $44) 18... f6 19. Qe4 {[%cal Gd3f4,Gf4e6]
Weiß bereitet 20.N3f4-Ne6 vor.} Nxd3 (19... Bd7 20. N3f4 Re8 $6 21. Ne6 Bxe6
22. fxe6 Rxe6 23. Qf5 $16) 20. cxd3 $5 (20. Qxd3 $44) 20... Bd7 (20... Re8 $4
21. Qxe8+ $18 (21. Nxf6+ $18)) 21. Qd4 {Nachdem die weiße Dame das Feld e4
freigemacht hat, soll mit 22.Re1 der weiße Angriff verstärkt werden.} (21. Re1
Re8 22. Qxe8+ (22. Qb4) 22... Bxe8 23. Rxe8+ Qxe8 24. Nxf6+ Kf7 25. Nxe8 Rxe8
26. Bxb7 a5) 21... Bc6 22. Re1 {[%csl Gd4,Gd5,Ge1,Gg2] Weiß verfügt über ein
aktives Figurenspiel und positionellen Druck.} Bxd5 {Schwarz muss den starken
Springer tauschen.} 23. Bxd5+ $14 Kh8 24. Re6 {Bevor Weiß auf b7 nimmt
verbessert er die Stellung seines Turms.} (24. Bxb7 Rb8 25. Bxa6 Qb6 26. Qxb6
Rxb6 27. Bc4 Rxb2 28. a4 $14) 24... Qc7 $1 {[%cal Gc7c1,Gc1g1] Eine gute
Verteidigung; Schwarz aktiviert seine Dame und widmet sich nicht der
Verteidigung des f6-Bauern..} 25. Kg2 (25. Rxf6 Qg7 26. Rxf8+ Rxf8 27. Qxg7+
Kxg7 28. Bxb7 Rb8 29. Bxa6 Rxb2 30. Bc4 Kf6 $132 {[%csl Gb2,Gf6] Weiß hat drei
Bauern für die Qualität, aber jetzt steht Schwarz sehr aktiv.}) 25... Qc5 26.
Qe4 (26. Qxc5 dxc5 27. Bxb7 Rab8 28. Re7 Rg8 $132 {[%cal Gg8g7,Gg7b7,Gb8b2]})
26... Qc1 (26... Qc2+) 27. Re7 Qd2+ $6 (27... Qxb2+ 28. Kh3 Qc1) (27... Rac8
28. Qh4 Rc2+ 29. Kh3 Qf1+ 30. Kg4 Qd1+ 31. Kh3 $11) 28. Kh3 Qh6+ 29. Qh4 Qxh4+
30. Kxh4 {[%csl Rb7,Gd5,Ge7,Gh4][%mdl 4096] Weiß hat nur einen Bauern für die
Qualität, aber seine Figuren stehen sehr aktiv und früher oder später gewinnt
er den b7-Bauern.} Rfe8 31. Rf7 (31. Rxe8+ $6 Rxe8 32. Bxb7 a5 $36 {[%cal
Re8e2,Re2a2,Re2h2]}) (31. Rxb7 Rab8 32. Rxb8 Rxb8 33. b3 Rb5 34. Be6 Ra5 35. a4
Re5 $132) 31... Rf8 32. Rxb7 Rfb8 (32... Rab8 33. Rd7 Rxb2 34. h3 Rd2 35. Bc4
$16) 33. Re7 (33. Rd7 Rd8 34. Re7 $16) 33... Re8 34. Re6 $16 Rxe6 35. fxe6 {
[%csl Gd5,Ge6] Weiß hat nun zwei Bauern für die Qualität und sein Bd5
dominiert das Geschehen, während der schwarze Turm passiv steht.} Rc8 36. b4
Kg7 37. Bc4 Kf8 (37... Rc6 38. b5 axb5 39. e7 $18) 38. Kg4 (38. Bxa6 Rc2 39.
Bc4 Rxh2+ 40. Kg4 $16) 38... Rb8 39. a3 Ra8 40. Kf5 {[%csl Gf5] Endlich kommt
der weiße König ins Spiel.} Ke7 41. Ke4 Rb8 42. Kd5 (42. Bxa6 Kxe6 43. Kd4 $16)
42... Rb6 43. g4 {Weiß muss sich nicht beeilen, vielmehr verbessert seine
Stellung am Königsflügel.} Kd8 44. h3 Ke7 45. Ke4 Rc6 46. Kd5 Rb6 47. Kd4 Rc6
48. Ke4 Rb6 49. d4 $18 {[%cal Gd4d5]} Rc6 50. Kd5 (50. Kd3) 50... Rb6 51. Bd3
h6 52. Bc4 Kd8 53. Ke4 Rc6 54. Kd3 Rb6 55. d5 Ke8 56. Kc3 Ke7 57. a4 1-0